000
00196nam a2200097Ia 4500
008
190216s9999||||xx |||||||||||||| ||und||
100
_a
Kovoor.E.M
245
0
_a
Kaad
260
_b
Null
942
_c
BK
999
_c
25284
_d
25284